Регионална библиотека "Любен Каравелов" - Русе

ART ТЕМА (Запис номер 291636)

MARC детайли
000 -Лидер
Контролно поле с фиксирана дължина 01570nas a2200385 c 4500
001 - Контролен номер на записа
Контролно поле 291636
003 - Код на организацията, давaща контролен номер
Контролно поле BLK
005 - Дата и час на последна редакция
Контролно поле 20240419152251.0
008 - Елементи от данни с фиксирана дължина
fixed length control field 180413b bul raner|||| |0| c1bulo|
010 ## - Наследен системен номер
LC control number PRD00002047000
022 ## - Международен стандартен номер на серия ISSN
Международният стандартен номер на серията ISSN C604-1213
040 ## - Източник на каталожния запис
Идентификатор на билиотеката - собственик на записа BLK
041 ## - Код за език
Код за езика на текст/звукозапис или на отделно заглавие Български
Код за езика КДБФ Български
080 ## - УДК
Текстов определител УДК Изкуство. Художествени занаяти. Фотография. Музика. Развлечения. Игри. Спорт
УДК код - определител по УДК 7
УДК определител .01
УДК - код + определител 7.01
080 ## - УДК
Текстов определител УДК Цивилизация. Култура. Прогрес. История на културата вж 930.85
УДК код - определител по УДК 008
УДК определител (497.215)
УДК - код + определител 008(497.215)
110 1# - Редна дума - колетивен орган
Редна дума - наименование на организация или юридическо лице Д-во на свободните художници - Русе
Авторска отговорност (Описва отношението между автора и произведението) Ред. кол.: Прес група
9 (RLIN) 388255
245 10 - Сведения за заглавието
Заглавие ART ТЕМА
Подзаглавни данни Мес. изд. за лит., изкуство и култура
Редно поле (дума) Д-во на свободните художници - Русе ; Ред. кол.: Прес група
Дата на създаване на произведението Начална год. на издаване: 1993, № 1,
257 ## - Страна на издаване
Страна на създаване/издаване България
260 ## - Област на издателските данни
Име на издателя, разпространителя и проч. Д-во на свободните художници
Година на издаване 1993
Печатница Дунав прес ООД - Русе
300 ## - Физическа характеристика
Размери/Мащаб 42
310 ## - Текуща периодчност на изданието
Срок за съхранение срок за съхранение: 99
380 ## - Жанр
Жанр Изкуство
852 ## - Местоположение
Форматна сигнатура В 775
852 ## - Местоположение
Форматна сигнатура К 0/Т 47
856 ## - Електронен адрес и достъп
Електронен формат pdf - файл
Път до файла /url/
856 ## - Електронен адрес и достъп
Електронен формат pdf - файл
Път до файла /url/
942 ## - АРТИКУЛИ
Вид на библиотечния материал Вестници
Скрит в OPAC Не
Периодичен библиозапис Да
944 ## - СЪЗДАВАНЕ И РЕДАКЦИЯ на ЗАПИСА
Създаване/Редакция Създаване
Дата на регистрацията/редакция Йордан_Досев
Служител, извършил регистрацията/редакцията 30549
Статус, дата на статуса Вася Ганчева
944 ## - СЪЗДАВАНЕ И РЕДАКЦИЯ на ЗАПИСА
Създаване/Редакция Редакция
Служител, извършил регистрацията/редакцията 02.11.2013
999 ## - СИСТЕМНИ КОНТРОЛНИ НОМЕРА
Koha biblionumber 291636
Koha biblioitemnumber 291636
999 ## - СИСТЕМНИ КОНТРОЛНИ НОМЕРА
Koha biblioitemnumber 291636
999 ## - СИСТЕМНИ КОНТРОЛНИ НОМЕРА
Koha biblioitemnumber 291636
999 ## - СИСТЕМНИ КОНТРОЛНИ НОМЕРА
Koha biblioitemnumber 291636
999 ## - СИСТЕМНИ КОНТРОЛНИ НОМЕРА
Koha biblioitemnumber 291636
999 ## - СИСТЕМНИ КОНТРОЛНИ НОМЕРА
Koha biblioitemnumber 291636
Наличности
Код за отписване Код за изгубен артикул Източник на класификационната схема Код за повреда Коз за рестрикции Код за отдаване Артикулен № Име на библиотеката - собственик Име на библиотеката, в която се намира в момента Статус (Текущо местоположение) Дата на вписване в системата Местоположение - отдел Цена в лева Номерация (Хронология) Инвентарен номер Систематично азбучна сигнатура Баркод Номер на екземпляра Цена в евро Служебна бележка Служебен тип на артикула Бележка за публиката
  Не е изгубен Universal Decimal Classification Не е повреден без рестрикции ползва се в читалня 575052 Регионална библиотека "Любен Каравелов" Русе Регионална библиотека "Любен Каравелов" Русе Хранилище 1993-01-01 Хранилище 0.00 Обхват на том: 1, 2-3 598187 В 775 130000598187 1 0.00 Дост: Dp, Вид: Д, N: стар фонд, Дата инв: 03.06.2014, Бележки инв: Цб2014 Вестници Год. на изд.: 1993-1994
  Не е изгубен Universal Decimal Classification Не е повреден без рестрикции ползва се в читалня 575053 Регионална библиотека "Любен Каравелов" Русе Регионална библиотека "Любен Каравелов" Русе Краезнание 2011-03-10 Краезнание 0.00 Обхват на том: 1, 2-3 130000717586 В 775 130000717586 2 0.00 Дост: DA, N: стар фонд, Дата инв: 10.11.2014, Бележки инв: Цб2014 Вестници Год. на изд.: 1993-1994
Vip Innovations Ltd, Rousse, Bulgaria 2025